000
00268nam a22001217a 4500
041
_a
ENG
100
_a
Gupta.R.K
245
_a
Ground Water Quality for Irrigation in India
260
_a
Karnal
_b
ICAR
_c
1994
300
_a
13
650
_a
IDE ( 05 )
856
_u
IDE ( 05 )
999
_c
2774
_d
2774